Teaching the New Library to Today's Users: reaching international, minority, senior citizens, gay/lesbian, first-generation college, at risk, graduate and returning students, and distance learners (Record no. 1885)
[ view plain ]
| 005 - DATE AND TIME OF LATEST TRANSACTION | |
|---|---|
| control field | 20250505081500.0 |
| 020 ## - INTERNATIONAL STANDARD BOOK NUMBER | |
| International Standard Book Number | 1-55570-379-8 |
| 082 ## - DEWEY DECIMAL CLASSIFICATION NUMBER | |
| Classification number | LECT 025.567 TEA |
| 245 ## - TITLE STATEMENT | |
| Title | Teaching the New Library to Today's Users: reaching international, minority, senior citizens, gay/lesbian, first-generation college, at risk, graduate and returning students, and distance learners |
| 260 ## - PUBLICATION, DISTRIBUTION, ETC. | |
| Place of publication, distribution, etc. | London, |
| Name of publisher, distributor, etc. | Neal-Schuman Publishers, Inc |
| Date of publication, distribution, etc. | 2000. |
| 300 ## - PHYSICAL DESCRIPTION | |
| Extent | xxvi,256p.: ill.; tables. |
| Other physical details | index, |
| Dimensions | 23cm. |
| 700 ## - ADDED ENTRY--PERSONAL NAME | |
| Other authors/Editors | JACOBSON, T, E. & WILLIAMS, H, C. |
| 856 ## - ELECTRONIC LOCATION AND ACCESS | |
| Link text | Online Access Book |
| Electronic name | Teaching the New Library to Today's Users: reaching international, minority, senior citizens, gay/lesbian, first-generation college, at risk, graduate and returning students, and distance learners |
| Path | www.neal-schuman.com |
| 942 ## - ADDED ENTRY ELEMENTS (KOHA) | |
| Source of classification or shelving scheme | Dewey Decimal Classification |
| Koha item type | Books |
| Date last seen | Total checkouts | Full call number | Barcode | Cost, replacement price | Price effective from | Koha item type | Lost status | Source of classification or shelving scheme | Damaged status | Not for loan | Withdrawn status | Home library | Current library | Shelving location | Date acquired | Cost, normal purchase price |
|---|---|---|---|---|---|---|---|---|---|---|---|---|---|---|---|---|
| 05/05/2025 | LECT 025.567 TEA | 0000007353 | 120000.00 | 05/05/2025 | Books | Dewey Decimal Classification | College of Business Education Main Library | College of Business Education Main Library | General Collection | 03/27/2012 | 40000.00 | |||||
| 05/05/2025 | LECT 025.567 TEA | 0000007354 | 120000.00 | 05/05/2025 | Books | Dewey Decimal Classification | College of Business Education Main Library | College of Business Education Main Library | General Collection | 03/27/2012 | 40000.00 |
